BTEC national mathematics for technicians (Record no. 78879)

MARC details
000 -LEADER
fixed length control field 00885nam a2200205 a 4500
008 - FIXED-LENGTH DATA ELEMENTS--GENERAL INFORMATION
fixed length control field 070215s2004 ||||||||||||||||| || u
020 ## - INTERNATIONAL STANDARD BOOK NUMBER
International Standard Book Number 0748779493
050 ## - LIBRARY OF CONGRESS CALL NUMBER
Classification number TA 330 Tay
100 ## - MAIN ENTRY--PERSONAL NAME
Personal name Greer, Alex
245 10 - TITLE STATEMENT
Title BTEC national mathematics for technicians
Statement of responsibility, etc. Graham Taylor; Alex Greer
250 ## - EDITION STATEMENT
Edition statement 3rd ed.
260 ## - PUBLICATION, DISTRIBUTION, ETC.
Place of publication, distribution, etc. Cheltenham
Name of publisher, distributor, etc. Nelson Thornes
Date of publication, distribution, etc. 2004
300 ## - PHYSICAL DESCRIPTION
Extent vii, 245p.: ill.
350 ## -
-- 0.00
650 #0 - SUBJECT ADDED ENTRY--TOPICAL TERM
Topical term or geographic name entry element ELECTRIC ENGINEERING--MATHEMATICS
650 #0 - SUBJECT ADDED ENTRY--TOPICAL TERM
Topical term or geographic name entry element MATHEMATICS--HANDBOOKS, MANUALS, ETC
700 ## - ADDED ENTRY--PERSONAL NAME
Personal name Taylor, Graham
995 ## -
-- MAIN LIBRARY OPEN ACCESS
-- 0.00
-- 737644
-- CBU-MAIN LIBRARY (Kitwe)
-- 1
-- 0.00
-- TA 330 Tay
-- 1
-- AVAILABLE
-- Feb 15, 2007
-- 53086
-- Main Library Open Access Collection
995 ## -
-- MAIN LIBRARY OPEN ACCESS
-- 0.00
-- 737645
-- CBU-MAIN LIBRARY (Kitwe)
-- 1
-- 0.00
-- TA 330 Tay
-- 2
-- AVAILABLE
-- Feb 15, 2007
-- 53053
-- Main Library Open Access Collection
999 ## -
-- 78879
-- 78879

No items available.